北京市四环路立交 Interchanges along the 4th ring of Beijing - Statistics

General Stats
  • This quiz has been taken 69 times
  • The average score is 28 of 68
Answers on the Map
Answers color-coded by a green-red scale on the quiz's map according to % correct below.
 
Answer Stats
% Correct
四元桥
83%
四惠桥
71%
中关村一桥
67%
中关村二桥
67%
学院桥
67%
健翔桥
67%
保福寺桥
65%
中关村三桥
63%
红领巾桥
58%
海淀桥
56%
十八里店桥
56%
安慧桥
54%
大红门桥
54%
火器营桥
52%
四季青桥
50%
万泉河桥
50%
朝阳公园桥
50%
公益桥
50%
公益西桥
50%
丰台大桥
50%
丰北桥
50%
五棵松桥
48%
五路桥
48%
志新桥
48%
望和桥
48%
公益东桥
48%
望京桥
46%
东风北桥
46%
大郊亭桥
44%
花乡桥
44%
岳各庄桥
44%
北辰桥
42%
惠新东桥
42%
定慧桥
40%
四海桥
40%
小红门桥
40%
马家楼桥
40%
南沙窝桥
38%
沙窝桥
38%
慈云寺桥
38%
窑洼湖桥
38%
肖村桥
38%
看丹桥
38%
四方桥
35%
十八里店南桥
35%
十八里店北桥
33%
科丰桥
33%
金沟河桥
31%
定慧北桥
31%
小武基桥
31%
南坞桥
29%
展春桥
29%
富丰桥
29%
岳各庄北桥
29%
霄云桥
27%
百子湾桥
27%
工大桥
27%
红寺桥
27%
大红门东桥
27%
岳各庄南桥
25%
榴香桥
23%
怡丰桥
21%
双新桥
21%
北大地桥
21%
红领巾北桥
19%
沙窝北桥
17%
北大街桥
15%
弘燕桥
15%
No matching quizzes found
Score Distribution
Percent of People with Each Score
Percentile by Number Answered
Your Score History
You have not taken this quiz